La forme de la ville : (notice nᵒ 11155)
[ vue normale ]
| 000 -LEADER | |
|---|---|
| fixed length control field | 02519 a2200361 4500 |
| 001 - CONTROL NUMBER | |
| control field | OB-pur-91203 |
| 003 - CONTROL NUMBER IDENTIFIER | |
| control field | FrMaCLE |
| 005 - DATE AND TIME OF LATEST TRANSACTION | |
| control field | 20251214082745.0 |
| 007 - PHYSICAL DESCRIPTION FIXED FIELD--GENERAL INFORMATION | |
| fixed length control field | cu ||||||m|||| |
| 008 - FIXED-LENGTH DATA ELEMENTS--GENERAL INFORMATION | |
| fixed length control field | 190605e||||||||xx |||||s|||||||||0|fr|d |
| 020 ## - INTERNATIONAL STANDARD BOOK NUMBER | |
| International Standard Book Number | 978-2-7535-6030-7 |
| 024 7# - OTHER STANDARD IDENTIFIER | |
| Standard number or code | 10.4000/books.pur.91203 |
| Source of number or code | doi |
| 040 ## - CATALOGING SOURCE | |
| Original cataloging agency | FR-FrMaCLE |
| 041 ## - LANGUAGE CODE | |
| Language code of text/sound track or separate title | fra |
| 100 1# - MAIN ENTRY--PERSONAL NAME | |
| Personal name | Bourdin, Stéphane |
| 245 13 - TITLE STATEMENT | |
| Title | La forme de la ville : |
| Remainder of title | de l'Antiquité à la Renaissance / |
| Statement of responsibility, etc. | Stéphane Bourdin, Michel Paoli, Anne Reltgen-Tallon. |
| 260 ## - PUBLICATION, DISTRIBUTION, ETC. | |
| Place of publication, distribution, etc. | Rennes : |
| Name of publisher, distributor, etc. | Presses universitaires de Rennes, |
| Date of publication, distribution, etc. | 2019. |
| 300 ## - PHYSICAL DESCRIPTION | |
| Extent | 504 p. |
| 500 ## - GENERAL NOTE | |
| General note | Ebook |
| 520 ## - SUMMARY, ETC. | |
| Summary, etc. | La forme de la ville peut être appréhendée à travers sa dimension concrète, urbanistique, mais également à travers les discours, les représentations et les récits d'expériences vécues. Les études réunies dans cet ouvrage visent à interroger cette notion par une approche volontairement transdisciplinaire, qui met en perspective les acquis de l'histoire, de l'histoire de l'art, de l'archéologie, de la littérature comparée, de la protohistoire à la Renaissance. De l'individuel à l'analyse urbaine ou régionale, ce jeu d'échelle, appliqué à des situations variées, de l'Inde et du Nord-Est iranien à la Libye en passant par les villes de la Méditerranée antique et de l'Occident médiéval au Paris de la Renaissance, permet de comprendre les multiples façons dont la forme de la ville a été pensée et a pu constituer un enjeu identitaire, en même temps que la traduction concrète d'une idéologie ou d'un pouvoir politique. La ville, et sa représentation, possèdent également une dimension morale, archétypale, qui transparaît notamment dans les réminiscences livresques attachées à la description de telle ou telle. La forme de la ville se fait enfin parfois évanescente, problématique, tant le concept de « ville » varie en fonction des époques et des espaces. Toutes ces questions sont abordées ici, au fil des contributions de trente chercheurs européens et américains. |
| 540 ## - TERMS GOVERNING USE AND REPRODUCTION NOTE | |
| Terms governing use and reproduction | OpenEdition Books License |
| Uniform Resource Identifier | <a href="https://www.openedition.org/12554">https://www.openedition.org/12554</a> |
| 650 #4 - SUBJECT ADDED ENTRY--TOPICAL TERM | |
| Topical term or geographic name entry element | Urban Studies |
| Topical term or geographic name entry element | History |
| Topical term or geographic name entry element | ville |
| Topical term or geographic name entry element | représentation |
| Topical term or geographic name entry element | Antiquité |
| Topical term or geographic name entry element | Renaissance |
| 700 1# - ADDED ENTRY--PERSONAL NAME | |
| Personal name | Paoli, Michel |
| Personal name | Reltgen-Tallon, Anne |
| 760 0# - MAIN SERIES ENTRY | |
| International Standard Serial Number | 2111-496X |
| 776 ## - ADDITIONAL PHYSICAL FORM ENTRY | |
| International Standard Book Number | 978-2-7535-3625-8 |
| 856 4# - ELECTRONIC LOCATION AND ACCESS | |
| Data provenance | Bourdin, Stéphane |
| Uniform Resource Identifier | <a href="https://books.openedition.org/pur/91203">https://books.openedition.org/pur/91203</a> |
| Link text | La forme de la ville |
Pas d'exemplaire disponible.
